| 000 | 00584nam a2200193Ia 4500 | ||
|---|---|---|---|
| 008 | 210303s9999 xx 000 0 und d | ||
| 016 | _2reto2022b | ||
| 020 | _a0706512650 | ||
| 040 |
_aNLN _bEnglish |
||
| 050 |
_aDS35 _b.K533 |
||
| 082 | _a327 | ||
| 100 |
_aKIMCHE, David _eaut _941351 |
||
| 245 | 4 |
_aThe Afro - Asian movement : _bideology and foreign policy of the third world / _cDavid Kimche |
|
| 260 |
_aJerusalem : _bIsrael Universities Press, _c1973 |
||
| 300 |
_avii, 296p.: _bill. ;24cm |
||
| 563 | _a(pbk) | ||
| 650 |
_aAfro-Asian politics _vHistory _941352 |
||
| 942 | _cBK | ||
| 999 |
_c20531 _d20531 |
||